Statistics for MCU Characters Quiz

Click here to take the quiz!

General Stats

  • This quiz has been taken 40 times
  • The average score is 38 of 107

Answer Stats

ActorCharacterStatus% Correct
Robert Downey JrIron Man / Tony StarkDeceased
100%
Tom HollandSpider-Man / Peter ParkerAlive
100%
Scarlet JohanssonBlack Widow / Natasha RomanoffDeceased
97%
Chris HemsworthThorAlive
97%
Tobey MaguireSpider-Man / Peter B. ParkerAlive
94%
Andrew GarfieldSpider-Man / Peter ParkerAlive
94%
Mark Ruffalo / Ed NortonHulk / Bruce BannerAlive
92%
Samuel L. JacksonNick FuryAlive
92%
Jeremy RennerHawkeye / Clint Barton / RoninAlive
86%
Chris EvansSteve RogersDeceased
69%
Tom HiddlestonLokiIt's Complicated
64%
Paul RuddAnt-Man / Scott LangAlive
61%
Benedict CumberbatchDoctor Strange / Stephen StrangeAlive
61%
Natalie PortmanMighty Thor / Jane FosterDeceased
61%
Elizabeth OlsenScarlet Witch / Wanda MaximoffUnknown
61%
Sebastian StanWinter Soldier / Bucky BarnesAlive
61%
Zoe SaldañaGamora Zen Whoberi Ben TitanIt's Complicated
58%
Vin DieselGrootAlive
58%
Jon FavreauHarold “Happy” HoganAlive
58%
Stan LeeStan Lee
Excelsior!
Deceased
58%
Chris PrattStar-Lord / Peter QuillAlive
58%
Don Cheadle / Terrence HowardWar Machine / Iron Patriot / James “Rhodey” RhodesAlive
58%
Evangeline LillyWasp / Hope van DyneAlive
58%
Dave BautistaDraxAlive
56%
Gwyneth PaltrowRescue / Virginia “Pepper” PottsAlive
56%
Bradley CooperRocket Raccoon / 86P13Alive
56%
Anthony MackieCaptain America / Falcon / Sam WilsonAlive
53%
Idris ElbaHeimdallDeceased
53%
Chadwick BosemanT'ChallaDeceased
53%
Benedict WongWongAlive
53%
Jeff BridgesIron Monger / Obadiah StaneDeceased
50%
Cobie SmuldersMaria HillDeceased
50%
Paul BettanyVision / JARVISDeceased
50%
Pom KlementieffMantisAlive
47%
Hayley AtwellCaptain Carter / Margaret “Peggy” CarterDeceased
44%
Michael DouglasHank PymAlive
44%
Karen GillianNebulaAlive
44%
Aaron Taylor-JohnsonQuicksilver / Pietro MaximoffDeceased
44%
Abby Ryder Fortson / Emma Fuhrman / Kathryn NewtonStature / Cassie LangAlive
44%
Anthony HopkinsOdinDeceased
42%
William Hurt / Harrison FordRed Hulk / Thaddaeus “Thunderbolt” RossAlive
42%
Michael RookerYondu UdontaDeceased
42%
Marisa TomeiMay ParkerDeceased
39%
Clark GreggPhil CoulsonIt's Complicated
39%
Tilda SwintonAncient OneDeceased
36%
Benicio del ToroCollector / Taneleer TivanDeceased
36%
Jaimie AlexanderLady SifAlive
36%
Mickey RourkeWhiplash / Ivan VankoDeceased
36%
Tim RothAbomination / Emil BlonskyAlive
33%
Liv TylerBetty RossAlive
33%
Stellan SkarsgårdErik SelvigDeceased
33%
Hugo Weaving / Ross MarquandRed Skull / Johann SchmidtDeceased
33%
James SpaderUltronDeceased
33%
Chiwetel EjioforBaron Karl MordoAlive
31%
Kurt RussellEgoDeceased
31%
Emily Irene VanCampAgent 13 / Sharon Carter / Power BrokerAlive
28%
Sam RockwellJustin HammerAlive
28%
Michael PeñaLuisAlive
28%
Kat DenningsDarcy LewisAlive
25%
Rene RussoFriggaDeceased
25%
Sean GunnKraglin ObfonteriAlive
25%
Lee PaceRonan the AccuserDeceased
25%
Ben KingsleyTrevor SlatteryAlive
25%
Corey StollYellowjacket / MODOK / Darren CrossDeceased
25%
Rachel McAdamsChristine PalmerAlive
22%
Frank GrilloCrossbones / Brock RumlowDeceased
22%
Martin FreemanEverett RossAlive
22%
Joshua Dallas / Zachary LeviFandralDeceased
22%
Daniel BrühlHelmut ZemoAlive
22%
Tadanobu AsanoHogunDeceased
22%
Gerard Sanders / Dominic Cooper / John SlatteryHoward StarkDeceased
22%
Tim Blake NelsonThe Leader / Samuel SternsAlive
22%
Ray StevensonVolstaggDeceased
22%
Robert RedfordAlexander PierceDeceased
19%
Seth GreenHoward the DuckAlive
19%
Stanley TucciAbraham ErskineDeceased
17%
Toby JonesArnim ZolaDeceased
17%
Elizabeth DebickiAyeshaDeceased
17%
Shaun ToubHo YinsenDeceased
17%
Mads MikkelsenKaeciliusAlive
17%
Guy PearceAldrich KillianDeceased
14%
Djimon HounsouKorath the PursuerDeceased
14%
Judy GreerMaggie LangAlive
14%
Glenn CloseNova Prime / Irani RaelAlive
14%
Tommy Lee JonesChester PhillipsDeceased
11%
Georges St-PierreGeorges BatrocDeceased
11%
Bobby CannavaleJim PaxtonAlive
11%
David DastmalchianKurt GoreshterAlive
11%
Colm FeoreLaufeyDeceased
11%
T.I.DaveAlive
8%
Maximilliano HernándezJasper SitwellDeceased
8%
Miley Cyrus / Tara StrongMainframeAlive
8%
Christopher EcclesltonMalekithDeceased
8%
Faran TahirRaza Hamidmi al-WazarDeceased
8%
Sylvester StalloneStarhawk / Stakar OgordAlive
8%
Leslie BibbChristine EverhartAlive
6%
Benjamin BrattJonathan PangbornAlive
6%
Rebecca HallMaya HansenDeceased
6%
Neal McDonoughTimothy “Dum Dum” DuganDeceased
6%
N/AAnt-Thony / 247Deceased
3%
Florence KasumbaAyoAlive
3%
Ty SimpkinsHarley KeenerAlive
3%
Adewale Akkinuoye-AgbajeKurse / AlgrimDeceased
3%
Michael DonovanMitchell CarsonAlive
3%
John KaniT'ChakaDeceased
3%
Jonathan HowardIan BoothbyAlive
0%
Alexis DenisofThe OtherDeceased
0%

Score Distribution

Percentile by Number Answered

Percent of People with Each Score

Your Score History

You have not taken this quiz